• 首页
  • 本馆介绍
  • 公告通知
  • 最新文献
  • 馆藏检索
  • 电子资源
  • 读者导购
  • 参考咨询
  • 我的图书馆
  • 登录
  • 详细信息显示
  • 放入我的书架
  • 预约/预借图书
  • 作者相关作品
  • 分类相关作品
  • 丛书相关作品
  • 出版社相关作品

书目信息

  • 表格格式
  • 工作单格式
  • 卡片格式
题名:
美洲印第安人史略
    
 
作者: 刘明翰 , 张志宏 著
分册:  
出版信息: 北京   三联书店  1982
页数: 189页
开本: 19cm
丛书名:
单 册:
中图分类: K708
科图分类:
主题词: 民族历史-美洲印第安人 , 美洲印第安人-民族历史
电子资源:
ISBN:
000 00739nam0 2200253 45
001 0182001262
005 20060516095034.37
010    @dCNY0.54
091    @a11002.615
100    @a19950630d1982 em y0chiy0121 ea
101 0  @achi
102    @aCN@b110000
105    @af z 000yy
200 10 @a美洲印第安人史略@Amei zhou yin di an ren shi lue@f刘明翰, 张志宏著@Fliu ming han,zhang zhi hong zhu
210    @a北京@c三联书店@d1982
215    @a189页@c照片@d19cm
606    @a民族历史-美洲印第安人
606    @a美洲印第安人-民族历史
690    @aK708@v3
701  0 @a刘明翰@Aliu ming han@4著
701  0 @a张志宏@Azhang zhi hong@4著
801  2 @aCN@bNLC@c20060516
801  0 @aCN@b上海图书馆@c20040510
905    @f1@b94803@dK708@e1
    
    美洲印第安人史略/刘明翰, 张志宏著.-北京:三联书店,1982
    189页:照片;19cm
    
    
    ISBN :CNY0.54
    
●
相关链接 在E读中查询图书 在五车中查询图书 在当当中查询图书 在豆瓣中查询图书


正题名:美洲印第安人史略     索取号:K708/1         预约/预借

序号 登录号 条形码 馆藏地/架位号 状态 备注
1 0094803   001413599   密集书库/ [索取号:K708/1] 在馆    
2 0094804   001693171   密集书库/ [索取号:K708/1] 在馆    
3 0094805   001413580   第二样本阅览室/ [索取号:K708/1] 在馆    
唐山师范学院图书馆 欢迎您!
大连网信软件有限公司© 版权所有